000 00662nam a22002057a 4500
008 131030b xxu||||| |||| 00| 0 ger d
020 _a360889644
041 0 _ager
080 _a316.77
100 1 _aWagner-Link, Angelika
245 _aKommunikation als verhaltenstraining :
_cAngelika Wagner-Link
260 _aMünchen :
_bJ. Pfeiffer Verlag ;
_c1998.
300 _a272 f. :
_bme il. ;
_c21 cm.
500 _aVorwort : f. 9
505 _aLiteratur : f.266-272
650 0 _aKomunikimi
650 0 _aKomunikimi në menaxhim
650 0 _aKomunikimi në zhvillim ekonomik
942 _2udc
_cBK
999 _c223
_d223